Word Ladder: America's Pastime in Movies Quiz Stats

 Plays Quiz Updated Sep 7, 2017

Challenge
Share
Tweet
Embed
Score 0/11 Timer 01:30
0 Plays Today
Clue 4-Letter Word % Correct
1978's 'I Wanna ___ Your Hand'HOLD
97.5%
1991's 'Boyz N the ___'HOOD
95.5%
1989's 'My Left ___'•FOOT•
93.3%
1967's '___ Hand Luke'COOL
92.5%
1994's 'Nobody's ___'FOOL
90.4%
2009's 'Drag Me to ___'HELL
85.7%
2001's 'Monster's ___'•BALL•
85.5%
1999's '___ Up'HELD
82.5%
2007's 'The Diving ___ and the Butterfly'BELL
80.4%
1989's 'The ___, the Thief, His Wife & Her Lover'COOK
70.6%
1991's '___'HOOK
69.6%

Today's Daily Dose

Word Ladder
Homophones Ate

Quick Pick
RGB Colors

On This Day
August 18th II

You're not logged in!

Compare scores with friends on all Sporcle quizzes.
Join for Free
OR
Log In

You Might Also Like...

Show Comments

Extras

Top Quizzes Today


Score Distribution

Your Account Isn't Verified!

In order to create a playlist on Sporcle, you need to verify the email address you used during registration. Go to your Sporcle Settings to finish the process.

Report this User

Report this user for behavior that violates our Community Guidelines.

Details: